| 000 | 00362nam a22001571a 4500 | ||
|---|---|---|---|
| 020 | _a9789350007280 | ||
| 082 |
_aH1 _bLAL/S |
||
| 100 | _aLaltu | ||
| 245 |
_aSunder lok aur anya kavithaem/ _cby Laltu |
||
| 260 |
_aNew Delhi: _bVani, _c2012. |
||
| 300 | _a139p. | ||
| 650 | _aPoetry Hindi | ||
| 650 | _aLiterature Hindi | ||
| 650 | _aLiterature | ||
| 942 | _cBK | ||
| 999 |
_c45346 _d45346 |
||